95 polemische Thesen gegen die herrschende Ordnung <eine> Streitschrift für gerechtere Welt
Uložené v:
| Hlavný autor: | |
|---|---|
| Médium: | Kniha |
| Jazyk: | German |
| Vydavateľské údaje: |
Berlin
Edition Berolina
2017
|
| Vydanie: | 1. Aufl. |
| Predmet: | |
| Tagy: |
Žiadne tagy, Buďte prvý, kto otaguje tento záznam!
|
MARC
| LEADER | 00000nam a2200000 4500 | ||
|---|---|---|---|
| 001 | 0236418 | ||
| 005 | 20240221113328.6 | ||
| 020 | |a 978-3-95841-064-0 | ||
| 041 | 0 | |a ger | |
| 044 | |a DE | ||
| 245 | 1 | 0 | |a 95 polemische Thesen gegen die herrschende Ordnung |b <eine> Streitschrift für gerechtere Welt |c Klaus Blessing |
| 250 | |a 1. Aufl. | ||
| 264 | 1 | |a Berlin |b Edition Berolina |c 2017 | |
| 300 | |a 191 s. | ||
| 610 | 2 | 0 | |a kapitalizmus |
| 610 | 2 | 0 | |a kríza |
| 610 | 2 | 0 | |a socializmus |
| 610 | 2 | 0 | |a spoločnosť socialistická |
| 610 | 2 | 0 | |a komunizmus |
| 610 | 2 | 0 | |a plánovanie hospodárske |
| 610 | 2 | 0 | |a reformy |
| 610 | 2 | 0 | |a transformácia |
| 610 | 2 | 0 | |a vývoj hospodársky |
| 610 | 2 | 0 | |a trh |
| 610 | 2 | 0 | |a štát právny |
| 610 | 2 | 0 | |a demokracia |
| 610 | 2 | 0 | |a právo |
| 610 | 2 | 0 | |a médiá |
| 610 | 2 | 0 | |a koncepcie |
| 100 | 1 | |a Blessing, Klaus | |